| 000 | 00584nam a2200193Ia 4500 | ||
|---|---|---|---|
| 003 | GCL | ||
| 008 | 140319s9999 xx 000 0 ara d | ||
| 040 |
_aGCL / _cGCL |
||
| 082 | 0 | 4 |
_a823 _bا ف |
| 100 | 1 | _aسمير عزت نصار (مترجم) | |
| 245 | 1 | 0 |
_aفى زماننا / _cسمير عزت نصار (مترجم) |
| 700 | 1 | _aهمنجواى، ارنست | |
| 260 |
_a[S.N] : _bدار الشروق ، _c1987 |
||
| 300 | _a252 ص | ||
| 490 | _a | ||
| 650 | 0 | 4 | _aالقصة الانجليزية المترجمة |
| 650 | 0 | 4 | _aالادب الانجليزى |
| 942 |
_2ddc _cBK |
||
| 999 |
_c58010 _d58010 |
||